| 000 | 00425nam a2200157Ia 4500 | ||
|---|---|---|---|
| 999 |
_c22274 _d22274 |
||
| 082 | _a320.01 JUN-; | ||
| 100 | _aJung-Ki, Park | ||
| 245 | 0 | _aTowards neo-politics: the World of Bulihuail | |
| 260 |
_aSeoul _bMun Mu Publications _c1995 |
||
| 300 | _a321p. | ||
| 504 | _aIncludes index | ||
| 650 | _aPolitical science - History | ||
| 650 | _aPolitical science - Philosophy | ||
| 650 | _aPolitical development | ||
| 942 | _cBK | ||